අපේ කාලයේ පියසටහන් /
Saved in:
| Main Author: | |
|---|---|
| Format: | Book |
| Language: | English Sinhalese |
| Published: |
පිළියන්දල :
දිපානී ප්රකාශන ,
2024.
|
| Subjects: | |
| Tags: |
Add Tag
No Tags, Be the first to tag this record!
|
MARC
| LEADER | 00000nam a22000007a 4500 | ||
|---|---|---|---|
| 003 | LK-ApPL | ||
| 005 | 20260408112933.0 | ||
| 008 | 260408b |||||||| |||| 00| 0 eng d | ||
| 020 | |a 9786249332515 | ||
| 040 | |a LK-ApPL |b sin |d LK-ApPL | ||
| 041 | |a sin | ||
| 082 | |2 23 |a 891.483 |b සිරිව | ||
| 100 | |a සිරිවර්ධන , පන්තක භාතිය | ||
| 245 | |a අපේ කාලයේ පියසටහන් / |c පන්තක භාතිය සිරිවර්ධන | ||
| 260 | |a පිළියන්දල : |b දිපානී ප්රකාශන , |c 2024. | ||
| 300 | |a පි. 220 : |c සෙ.මි.21 , | ||
| 650 | 0 | |a කෙටිකතා | |
| 942 | |c LBK | ||
| 999 | |c 24340 |d 24340 | ||